000 00426nam a2200181Ia 4500
003 GCL
008 140319s9999 xx 000 0 eng d
040 _aGCL /
_cGCL
082 0 4 _a581.1
_bB M
100 1 _aBURNIE, DAVID
245 1 0 _aLE MYSTERE DES PLANTES /
_cBURNIE, DAVID
260 _a[S.N] :
_bGALLIMARD
300 _a64 P
650 0 4 _aFLOWERS
650 0 4 _aMYSTERES PLANTES
650 0 4 _aPLANT
942 _2ddc
_cBK
999 _c23882
_d23882